000 00703nam a2200205 i 4500
001 132953
003 ES-MaACL
005 20250808081323.0
007 t|
008 070214s1933 sp r ||||1| spa d
100 1 _aRoyo Villanova, Antonio,
_d1869-1958
_9100235
245 1 0 _aElementos de Derecho Administrativo /
_cpor Antonio Royo Villanova.
250 _a13ª ed., corr. y aum.
_ben colaboración con Segismundo Royo.
260 _aValladolid :
_b[s. n.],
_c1933 (
_fImp. Castellana)
300 _a839 p. ;
_c23 cm.
650 7 _aDerecho administrativo-
_zEspaña
_2
_9145992
700 1 _aRoyo Villanova, Segismundo.
_9100238
852 _aES-MaACL
_jA-1559
999 _c132953
_d132953